|
|
|
|
| LEADER |
00000cam a22000007i 4500 |
| 003 |
Ucuenca |
| 005 |
20230324063522.0 |
| 006 |
a||||gr|||| 001 0 |
| 007 |
ta |
| 008 |
180508b2015 ec aaaag |||| 001 0 spa a |
| 040 |
|
|
|a UCuenca-cdrjbv
|b spa
|c UCuenca
|e rda
|
| 041 |
0 |
|
|a spa
|
| 082 |
0 |
|
|2 22
|a 371.33
|c 124442
|
| 100 |
1 |
|
|9 223819
|a Ávila, Elina.
|e autor
|
| 245 |
0 |
0 |
|a Manual para el diseño, creación y evaluación de objetos de aprendizaje
|c Elina Avila [y otros cuatro]
|
| 250 |
|
|
|a Primera edición.
|
| 264 |
|
1 |
|a Cuenca:
|b Universidad de Cuenca,
|c 2015.
|
| 300 |
|
|
|a 59 páginas:
|b ilu
|c 29 cm
|
| 336 |
|
|
|2 rdacontent
|a texto
|b txt
|
| 337 |
|
|
|2 rdamedia
|a no mediado
|b n
|
| 338 |
|
|
|2 rdacarrier
|a volumen
|b nc
|
| 504 |
|
|
|a incl. ref.
|
| 505 |
1 |
|
|a Teorías de aprendizaje y el diseño de materiales educativos -- Los estilos de aprendizaje en los estudiantes -- Los objetos de aprendizaje -- El diseño instruccional en el OA -- El diseño multimedial -- Los metadatos -- Evaluación del OA por parte de los estudiantes -- Despliegue del OA sobre un EVEA -- Publicar el OA -- Licencias -- Herramientas de evaluación de los OA, desde la perspectiva del docente utilizando CODA.
|
| 650 |
1 |
0 |
|a Educación
|9 41
|
| 650 |
1 |
7 |
|9 223821
|a Entorno virtual
|2 UCuenca-cdrjbv
|
| 650 |
1 |
0 |
|a Aprendizaje
|9 2198
|
| 700 |
1 |
|
|a Bermeo, Jorge.
|e autor
|9 222954
|
| 700 |
1 |
|
|9 220360
|a Maldonado, Jorge E.
|e autor
|
| 700 |
1 |
|
|9 223823
|a Mejía, Magali.
|e autor
|
| 700 |
1 |
|
|a Muñoz, Lissette.
|9 250519
|
| 700 |
1 |
|
|9 223826
|a Pinos, Jéssica
|e autor
|
| 942 |
|
|
|2 ddc
|c BK
|z lourdes.naula@ucuenca.edu.ec
|r patricia.tenesaca@ucuenca.edu.ec
|
| 999 |
|
|
|c 154460
|d 154460
|